00860nam a2200193 a 450000100100000000500170001000800410002704000250006808200150009310000200010824000310012824501080015926000540026730000280032159000750034970000390042495201860046399900170064900003524220200930074211.0111026s1958 mx a 000 0 spa d aDO-SdBNPbspacBNPHU axxxbG194e1 aGamow, G96100201aMr. Tompkins in Wonderland10aEn el país de las maravillas. :brelatividad y cuantos /cG. Gamow; traducción Juan Almela Castell. aMéxico, :bFondo de cultura económica,c1958. a116 p. :bil. ;c17 cm. aPerteneció a la biblioteca personal de Juan Isidro Jimenes Grullón1 aAlmela Castell, Juanetrad.960410 001050718MOaGRbGRcCTd2011-10-26iLF1l0oxxx G194ep35242-10r2020-06-25w2020-06-25y1zPerteneció a la biblioteca personal de Juan Isidro Jimenes Grullón.ZNo se presta c34733d34733